The life of Jesus Christ
Saved in:
| Main Author: | |
|---|---|
| Format: | Book |
| Language: | English |
| Published: |
Edinburgh :
T. & T. Clark,
[1891]
|
| Subjects: | |
| Tags: |
Add Tag
No Tags, Be the first to tag this record!
|
MARC
| LEADER | 00000cam a2200000 i 4500 | ||
|---|---|---|---|
| 001 | 1/68545 | ||
| 008 | 150309s1891 stk| ||| |||| ||eng|| | ||
| 035 | |l 10121378 | ||
| 040 | |a GR-MyUa |b gre |e AACR2 | ||
| 041 | 0 | |a eng | |
| 082 | 7 | |a 232.901 |2 (23) | |
| 100 | 1 | |a Stalker, James, |d 1848-1927. | |
| 245 | 1 | 4 | |a The life of Jesus Christ / |c by James Stalker. |
| 260 | |a Edinburgh : |b T. & T. Clark, |c [1891] | ||
| 300 | |a 155 σ. ; |c 19 εκ. | ||
| 500 | |a Στο verso ιδιόχειρη αφιέρωση "Τη Πορφυριάδι Σχολή Εμ. Χ. Περάκης". Στο recto υπάρχει σφραγίδα "Πορφυριάς Αστική Σχολή Καρλοβασίων". | ||
| 600 | 0 | 7 | |2 nlgaf |a Ιησούς Χριστός |x Biography |x History and criticism. |
| 852 | |a INST |b SAMOS |c PORFYRIADA |e 20150309 |h 232.901 STA |p 005300041940 |q 005300041940 |t NOLOAN |y 23 | ||
| 901 | |a BIBL3-2015-1 | ||
| 970 | |a Σίτζιμη |b Γιασεμή |z 09/03/2015 | ||